[Event "Sardegna Region-ch"]
[Site "Capoterra"]
[Date "2012.05.20"]
[Round "3"]
[White "Sonis, Francesco"]
[Black "Murtas, Gianvito"]
[Result "0-1"]
[WhiteElo "1463"]
[BlackElo "1730"]
[PlyCount "84"]
[EventDate "2012.05.19"]
[EventType "swiss"]
[EventRounds "6"]
[EventCountry "ITA"]
[SourceTitle "EXT 2014"]
[Source "ChessBase"]
[SourceDate "2013.11.20"]
[SourceVersion "1"]
[SourceVersionDate "2013.11.20"]
[SourceQuality "1"]

1. e4 c5 2. Nf3 d6 3. Bc4 e6 4. 0-0 Nc6 5. Nc3 Nf6 6. d4 cxd4 7. Nxd4 a6 8. Nxc6 bxc6 9. Be3 Be7 10. a3 0-0 11. Bd3 e5 12. f4 Ng4 13. Bd2 Qb6+ 14. Kh1 Nf2+ 15. Rxf2 Qxf2 16. fxe5 dxe5 17. Be1 Qf4 18. Bg3 Qg5 19. Qf1 f5 20. exf5 Bxf5 21. Bc4+ Kh8 22. Qe2 Rad8 23. Ne4 Bxe4 24. Qxe4 Rd4 25. Qe2 Rfd8 26. Rf1 Rd2 27. Qf3 h5 28. h3 Rf8 29. Qb3 Rxf1+ 30. Bxf1 Rd1 31. Qf3 Rxf1+ 32. Qxf1 Qxg3 33. Qf7 Qg5 34. Qe8+ Kh7 35. Qxc6 Qc1+ 36. Kh2 Qf4+ 37. Kh1 e4 38. Qe8 Qf1+ 39. Kh2 Bd6+ 40. g3 Qf2+ 41. Kh1 Qf3+ 42. Kg1 Bc5+ 0-1

[Event "Sardegna Region-ch"]
[Site "Sardara"]
[Date "2011.05.29"]
[Round "7"]
[White "Pannella, Antonello"]
[Black "Murtas, Gianvito"]
[Result "0-1"]
[WhiteElo "1511"]
[BlackElo "1751"]
[PlyCount "48"]
[EventDate "2011.05.23"]
[EventType "swiss"]
[EventRounds "8"]
[EventCountry "ITA"]
[SourceTitle "EXT 2023"]
[Source "ChessBase"]
[SourceDate "2022.10.05"]
[SourceVersion "1"]
[SourceVersionDate "2022.10.05"]
[SourceQuality "1"]

1. c4 e5 2. Nc3 Nf6 3. g3 d5 4. cxd5 Nxd5 5. Bg2 c6 6. Nf3 Bd6 7. a3 0-0 8. Ne4 Bc7 9. 0-0 f5 10. Nc3 e4 11. Nd4 Be5 12. Nb3 Na6 13. d4 Bd6 14. Qc2 Be6 15. Nxd5 cxd5 16. Bd2 Rc8 17. Bc3 f4 18. Qd2 Qg5 19. Rac1 Qh5 20. Nc5 Bh3 21. Nxb7 Bxg2 22. Nxd6 Qh3 23. Nxc8 Bf3 24. Ne7+ Kh8 0-1

[Event "Sardegna Region-ch"]
[Site "Sardara"]
[Date "2011.05.29"]
[Round "8"]
[White "Pitzanti, Matteo"]
[Black "Murtas, Gianvito"]
[Result "1/2-1/2"]
[WhiteElo "1500"]
[BlackElo "1751"]
[PlyCount "41"]
[EventDate "2011.05.23"]
[EventType "swiss"]
[EventRounds "8"]
[EventCountry "ITA"]
[SourceTitle "EXT 2023"]
[Source "ChessBase"]
[SourceDate "2022.10.05"]
[SourceVersion "1"]
[SourceVersionDate "2022.10.05"]
[SourceQuality "1"]

1. d4 Nf6 2. Nc3 e6 3. Bg5 Be7 4. e4 0-0 5. Qd3 d6 6. 0-0-0 Nc6 7. f3 a5 8. h4 Nb4 9. Qd2 c6 10. g4 Bd7 11. Bxf6 Bxf6 12. g5 Be7 13. f4 d5 14. e5 c5 15. Nf3 c4 16. h5 Nc6 17. Rg1 b5 18. g6 h6 19. Qg2 f5 20. Kd2 b4 21. Nb1 1/2-1/2